ბათუმის შოთა რუსთაველის სახელმწიფო უნივერსიტეტის ბიბლიოთეკა

Справочкик по хлебопекарному производству. Том 1. Оборудование и тепловое хозяиство. (ბიბ.ჩანაწერი № 42776)

000 -LEADER
fixed length control field 00726nam a2200205Ia 4500
001 - CONTROL NUMBER
control field 9482
003 - CONTROL NUMBER IDENTIFIER
control field GE_BSU
008 - FIXED-LENGTH DATA ELEMENTS--GENERAL INFORMATION
fixed length control field 181216s||||||||xx |||||||||||||| ||und||
040 ## - CATALOGING SOURCE
Transcribing agency GE_BSU
080 ## - UNIVERSAL DECIMAL CLASSIFICATION NUMBER
Universal Decimal Classification number 664.61(035)
100 ## - MAIN ENTRY--PERSONAL NAME
Personal name Михелев,А.А.
245 ## - TITLE STATEMENT
Title Справочкик по хлебопекарному производству. Том 1. Оборудование и тепловое хозяиство.
245 ## - TITLE STATEMENT
Statement of responsibility, etc. Ред. А.З.Хмельницкая.
260 ## - PUBLICATION, DISTRIBUTION, ETC.
Place of publication, distribution, etc. М.
260 ## - PUBLICATION, DISTRIBUTION, ETC.
Name of publisher, distributor, etc. Пищевая промышленность.
260 ## - PUBLICATION, DISTRIBUTION, ETC.
Date of publication, distribution, etc. 1972.
300 ## - PHYSICAL DESCRIPTION
Extent 542 стр. с илл. 21 см.
653 ## - INDEX TERM--UNCONTROLLED
Uncontrolled term Справочкик по хлебопекарному производству.
942 ## - ADDED ENTRY ELEMENTS (KOHA)
Koha item type წიგნი
ეგზემპლარები
Withdrawn status Lost status Damaged status Not for loan Date acquired Barcode Date last seen Price effective from Koha item type
        2018-12-17 10253 2018-12-17 2018-12-17 წიგნი